Normal view
MARC view
- MacMunn, George Fletcher
Entry Personal Name
001 - CONTROL NUMBER
- control field: 49474
003 - CONTROL NUMBER IDENTIFIER
- control field: NUST
005 - DATE AND TIME OF LATEST TRANSACTION
- control field: 20210314134338.0
008 - FIXED-LENGTH DATA ELEMENTS
- fixed length control field: 210314|| aca||aabn | a|a d
040 ## - CATALOGING SOURCE
- Original cataloging agency: NUST
- Transcribing agency: NUST
100 ## - HEADING--PERSONAL NAME
- Personal name: MacMunn, George Fletcher
670 ## - SOURCE DATA FOUND
- Source citation: Work cat.: (NUST): MacMunn, George Fletcher,, Behind the scenes in many wars,, [1930]
